000 00588nam a22001817a 4500
999 _c62597
_d62597
005 20241216121813.0
008 241213c2006 enk||||| |||| 00| 0 eng d
022 _a1303-3646
041 _aeng
245 _aJOURNAL OF CELL AND MOLECULAR BIOLOGY /
_bVolume 5 # 1 2006.
260 _aIstanbul :
_c2006.
300 _aV.
653 _aბიოლოგია
653 _aუჯრედის ბიოლოგია
653 _aბიოქიმია და მოლეკულური ბიოლოგია
653 _aპერიოდიკა
942 _2udc
_cCR